|
|
|
|
| LEADER |
01061nam a2200217 a 4500 |
| 008 |
090722s1994 enk 000 1 eng d |
| 020 |
|
|
|a 0140620516
|
| 082 |
0 |
0 |
|a 823/.8
|2 20
|
| 100 |
1 |
|
|a Stevenson, Robert Louis,
|d 1850-1894.
|
| 245 |
1 |
4 |
|a The strange case of Dr. Jekyll and Mr. Hyde /
|c by Robert Louis Stevenson.
|
| 260 |
|
|
|a London :
|b Penguin,
|c 1994.
|
| 300 |
|
|
|a 88 p. ;
|c 18 cm.
|
| 541 |
1 |
|
|e 00010090
|
| 650 |
|
0 |
|a Physicians
|v Fiction.
|
| 650 |
|
0 |
|a Multiple personality
|v Fiction.
|
| 650 |
|
0 |
|a Self-experimentation in medicine
|v Fiction.
|
| 651 |
|
0 |
|a London (England)
|v Fiction.
|
| 852 |
4 |
|
|a Ayesha Abed Library
|j General shelf
|
| 999 |
|
|
|c 2727
|d 2727
|
| 952 |
|
|
|0 0
|1 0
|2 ddc
|4 0
|6 823_000000000000000__8_STE
|7 0
|9 13406
|a BRACUL
|b BRACUL
|c GEN
|d 2010-12-04
|l 21
|m 71
|o 823.8 STE
|p 3010010090
|r 2026-01-07
|s 2026-01-04
|t 1
|w 2010-12-04
|y BK
|
| 952 |
|
|
|0 0
|1 0
|2 ddc
|4 0
|6 823_800000000000000_STE
|7 0
|9 44209
|a BRACUL
|b BRACUL
|c GEN
|d 2014-11-25
|e BRAC Institute of Language (BIL)
|l 6
|m 17
|o 823.8 STE
|p 3010028611
|r 2026-05-04
|s 2026-03-02
|t 2
|w 2014-11-25
|y BK
|x Transferred from BIL to BRACUL on 06/06/22
|